Elecciones presidenciales El Salvador 7 de marzo de 1999 /

保存先:
書誌詳細
第一著者: Monterrosa B, Pedro Alfonso
フォーマット: テキスト
主題:
タグ: タグ追加
タグなし, このレコードへの初めてのタグを付けませんか!

MARC

LEADER 00000 a a2200000 04500
001 2017
003
040
100 |a Monterrosa B, Pedro Alfonso  
245 |a Elecciones presidenciales El Salvador 7 de marzo de 1999 /  |c Pedro Alfonso Monterrosa B 
650 |a SISTEMAS ELECTORALES  
650 |a PAZ  
650 |a DEMOCRACIA  
650 |a ELECCIONES  
650 |a PARTIDOS POLITICOS  
650 |a COMPORTAMIENTO POLITICO  
650 |a ELECCIONES  
773 |g número 21; páginas 11-23  
999 |c 38478  |d 38478